|
|
|
|
| LEADER |
00000nab a2200000 a 4500 |
| 001 |
vtls000618173 |
| 003 |
SK-MaSNL |
| 005 |
20260304094904.0 |
| 008 |
250425c1997 xo 0 slo |
| 015 |
|
|
|a SNBRB19rr/mm-uuuuu
|
| 035 |
|
|
|a CL0618312
|
| 035 |
|
|
|a urn:nbn:sk:snk-ab7ccp
|
| 035 |
|
|
|a (uuid)a7ae69f4-84a4-451b-abf3-37c149bf514d
|
| 035 |
|
|
|a (urnnbn)urn:nbn:sk:snk:ar-a07iws
|
| 035 |
|
|
|a (sysno)vtls000618173
|
| 040 |
|
|
|a SNKBUCL
|b slo
|c SNKBUCL
|e AACR2
|
| 041 |
0 |
|
|a slo
|
| 044 |
|
|
|a xo
|c SK
|
| 080 |
|
|
|a 77.04-051
|2 1981
|
| 080 |
|
|
|a 929 Kočan, Robert
|2 1981
|
| 100 |
1 |
|
|a Kočan, Robo,
|d 1968-
|4 aut
|9 99226
|
| 245 |
1 |
0 |
|a Všetko nemožno robiť iba pre peniaze
|c Robert Kočan, (msa)
|
| 300 |
|
|
|b Fotogr. 10
|
| 600 |
1 |
7 |
|a Kočan, Robo,
|d 1968-
|2 snkbucl
|9 99226
|
| 655 |
|
7 |
|a články z novín a časopisov
|2 snkbucl
|9 267496
|
| 700 |
1 |
|
|a (msa)
|4 aut
|9 1156856
|
| 773 |
0 |
|
|t Fototip
|g Roč. 4, č. 2 (1997), s. 16-18
|x 1335-0773
|
| 850 |
|
|
|a Slovenská národná knižnica
|
| 852 |
|
|
|a Slovenská národná knižnica
|
| 954 |
|
|
|a odborná, vedecká literatúra pôvodná (slovenská)
|2 lita
|
| 958 |
|
|
|a article27
|
| 958 |
|
|
|a SK
|
| 958 |
|
|
|a BX
|
| 958 |
|
|
|a RK
|
| 958 |
|
|
|a OND
|
| 958 |
|
|
|a EUIPO
|
| 999 |
|
|
|c 2829504
|d 2831434
|